000
00232nam a22001097a 4500
003
OSt
008
250214b |||||||| |||| 00| 0 eng d
041
_a
eng
100
_a
Maltra
_9
7144
245
_a
Ground Water Management
942
_c
BK
999
_c
19374
_d
19374